| Tag |
First Indicator |
Second Indicator |
Subfields |
| LEADER |
00000cam a2200000 a 4500 |
| 001 |
in00001230321 |
| 005 |
20240207105801.0 |
| 008 |
950119s1994 txuab s s000 0 eng |
| 010 |
|
|
|a 94622002
|
| 019 |
|
|
|a 29642984
|
| 029 |
1 |
|
|a NLGGC
|b 13995757X
|
| 035 |
|
|
|a (OCoLC)ocm33079575
|
| 035 |
|
|
|a (OCoLC)33079575
|z (OCoLC)29642984
|
| 035 |
|
|
|a (OCoLC)ocm33079575
|
| 040 |
|
|
|a DLC
|b eng
|c DLC
|d OCL
|d BTCTA
|d OCLCO
|d OCLCA
|d OCLCF
|d OCLCQ
|d OCLCA
|d WURST
|d OCLCO
|d IKM
|d AGL
|d ZAD
|d TXA
|d OCLCL
|d TXA
|
| 043 |
|
|
|a n-us-tx
|
| 050 |
0 |
0 |
|a SF284.U5
|b P66 1994
|
| 050 |
|
4 |
|a HD1775.T4
|b T4 no. 94-2
|
| 070 |
0 |
|
|a HD1775.T$T4
|b no.94-2
|
| 072 |
|
0 |
|a L100
|
| 086 |
|
|
|a Z TA225.7 IN3 NO.94-2
|2 txdocs
|
| 245 |
0 |
0 |
|a Population estimates for the Texas horse industry /
|c Lonnie L. Jones, Doug Householder, Pete Gibbs, Gary Potter.
|
| 264 |
|
1 |
|a College Station, Texas :
|b Department of Agricultural Economics, Texas Agricultural Experiment Station, Texas A & M University System,
|c 1994.
|
| 300 |
|
|
|a iii, 25 leaves :
|b illustrations, maps ;
|c 28 cm.
|
| 336 |
|
|
|a text
|b txt
|2 rdacontent
|
| 337 |
|
|
|a unmediated
|b n
|2 rdamedia
|
| 338 |
|
|
|a volume
|b nc
|2 rdacarrier
|
| 490 |
1 |
|
|a Departmental information report / Texas Agricultural Experiment Station. Department of Agricultural Economics ;
|v no. 94-2
|
| 500 |
|
|
|a "December 1, 1993."
|
| 650 |
|
0 |
|a Horses
|z Texas
|v Statistics.
|
| 650 |
|
0 |
|a Horse industry
|z Texas.
|
| 650 |
|
6 |
|a Chevaux
|z Texas
|v Statistiques.
|
| 650 |
|
6 |
|a Chevaux
|x Industrie
|z Texas.
|
| 650 |
|
7 |
|a Horse industry.
|2 fast
|0 (OCoLC)fst00960469
|
| 650 |
|
7 |
|a Horses.
|2 fast
|0 (OCoLC)fst00960603
|
| 651 |
|
7 |
|a Texas.
|2 fast
|0 (OCoLC)fst01210336
|1 https://id.oclc.org/worldcat/entity/E39PBJj8XjVR9hP7dPxwVtRqcP
|
| 653 |
0 |
0 |
|a dierhouderij
|
| 653 |
0 |
0 |
|a animal husbandry
|
| 653 |
0 |
0 |
|a paarden
|
| 653 |
0 |
0 |
|a horses
|
| 653 |
0 |
0 |
|a statistiek
|
| 653 |
0 |
0 |
|a statistics
|
| 653 |
0 |
0 |
|a texas
|
| 653 |
1 |
0 |
|a Equidae (Horses, Donkeys, Mules)
|
| 653 |
2 |
0 |
|a Animal Husbandry (General)
|
| 653 |
1 |
0 |
|a Paardachtigen
|
| 653 |
2 |
0 |
|a Dierhouderij (algemeen)
|
| 655 |
|
7 |
|a Statistics.
|2 fast
|0 (OCoLC)fst01423727
|
| 700 |
1 |
|
|a Jones, Lonnie L.
|
| 700 |
1 |
|
|a Householder, D. Douglas
|q (Don Douglas)
|
| 700 |
1 |
|
|a Gibbs, Pete G.
|q (Pete George)
|
| 710 |
2 |
|
|a Texas A & M University.
|b Department of Agricultural Economics.
|
| 830 |
|
0 |
|a Departmental information report (Texas Agricultural Experiment Station. Department of Agricultural Economics) ;
|v no. 94-2.
|
| 938 |
|
|
|a Baker and Taylor
|b BTCP
|n 94622002
|
| 948 |
|
|
|h HELD BY TXA - 8 OTHER HOLDINGS
|
| 994 |
|
|
|a Z0
|b TXA
|
| 999 |
f |
f |
|s bd2ff85c-8ee4-3ed7-92ae-ad0266df7c1b
|i c8686544-a529-3fc0-b615-ba2eaabc5342
|t 0
|
| 952 |
f |
f |
|p noncirc
|a Texas A&M University
|b College Station
|c Cushing Memorial Library & Archives
|d Cushing: Texas A&M Publications (Remote Storage: 2-3 day retrieval)
|t 0
|e HD1775.T4 T4 no. 94-2
|h Library of Congress classification
|i unmediated -- volume
|m A1485318195C
|
| 998 |
f |
f |
|a HD1775.T4 T4 no. 94-2
|t 0
|l Cushing: Texas A&M Publications (Remote Storage: 2-3 day retrieval)
|